| 000 | 00590nam a22001457a 4500 | ||
|---|---|---|---|
| 999 |
_c13315 _d13315 |
||
| 008 | 190228b ||||| |||| 00| 0 eng d | ||
| 022 | _a0746-8342 | ||
| 082 | _aDPer 510.5 C697 Jan 2012-Sept 2015 v. 43 & 46, n. 1-4 | ||
| 100 |
_aFarrington, Eleanor. _937221 |
||
| 245 |
_aparametric equations at the circus: _btrochoids and poi flowers/ _cEleanor Farrington. |
||
| 260 |
_aWashington D. C.: _bMathematical Association of America, _c©Jul 2012-Sept 2015. |
||
| 300 |
_av43 n3, pages 173-177:: _bIllustrations; _c25 cm. |
||
| 650 |
_aMathematics _xParametric equation. _937222 |
||
| 942 |
_2ddc _cPER |
||